| 000 | 01163nam a22003497a 4500 | ||
|---|---|---|---|
| 003 | CHAP | ||
| 005 | 20220817044527.0 | ||
| 008 | 120614s1993 mdu r 00010 eng d | ||
| 010 | _a103359 | ||
| 011 | _a104331 | ||
| 022 | 0 | _a10525378 | |
| 035 | _a115021 | ||
| 040 | _cCHAP | ||
| 082 | 0 | 4 |
_a636.08016 _bA42 |
| 100 | 1 |
_aAllen, Tim _94412 |
|
| 245 | 1 | 0 |
_aEthical and moral issues relating to animals : _bjanuary 1986 - february 1993 _c/por Tim Allen |
| 260 |
_aMaryland, EUA : _bNational Agricultural Library, _c1993 |
||
| 300 | _a53 p. | ||
| 490 | 0 |
_aQuick bibliography series. _pAnimal welfare _v; 93-29 |
|
| 590 |
_aBATCH-UPD _b10 _c20130110 _lUCH01 _h1125 |
||
| 590 |
_aBATCH-UPD _b10 _c20130410 _lUCH01 _h0714 |
||
| 590 |
_aBATCH-UPD _b10 _c20130914 _lUCH01 _h0256 |
||
| 590 |
_aCONVERSION _b10 _c20130109 _lUCH01 _h1357 |
||
| 650 | 1 | 4 |
_aAnimales _xHabitos y conducta. _95865 |
| 650 | 1 | 4 |
_aBibliografía. _912194 |
| 650 | 1 | 4 | _aBienestar animal. |
| 650 | 1 | 4 |
_aÉtica. _982776 |
| 830 | 0 |
_aQuick bibliography series. _pAnimal welfare _v; 93-29 _993291 |
|
| 901 | _aBK | ||
| 942 | _cLIBRO | ||
| 949 |
_a636.08016 A42 _bBC _cC _d33724002343330 _eC _h117168 _i115021 _sb |
||
| 999 |
_c103359 _d103359 |
||